The psychology of gender and sexuality : an introduction

Αποθηκεύτηκε σε:
Λεπτομέρειες βιβλιογραφικής εγγραφής
Κύριος συγγραφέας: Stainton Rogers, Wendy
Άλλοι συγγραφείς: Stainton Rogers, Rex
Μορφή: Βιβλίο
Γλώσσα:English
Δημοσίευση: Philadelpia : Open University Press, c2001
Θέματα:
Ετικέτες: Προσθήκη ετικέτας
Δεν υπάρχουν, Καταχωρήστε ετικέτα πρώτοι!

MARC

LEADER 00000nam a2200000 i 4500
001 1/74123
008 050322s2001 eng d
020 |a 0-335-20225-X (hbk) 
020 |a 0-335-20224-1 (pbk) 
035 |l 10077288 
040 |a GR-MY-UA  |b gre  |e aacr 
041 0 |a eng 
082 0 |a 155.3  |2 (21) 
100 1 |a Stainton Rogers, Wendy. 
245 1 4 |a The psychology of gender and sexuality :  |b an introduction /  |c Wendy Stainton Rogers and Rex Stainton Rogers 
260 |a Philadelpia :   |b Open University Press,   |c c2001 
300 |a xii, 305 σ.;  |b πιν.;  |c 24 εκ. 
500 |a Επανεκτύπωση: 2004 
504 |a Περιέχει βιβλιογραφικές παραπομπές και ευρετήριο 
650 0 0 |a Sex (Psychology) 
650 0 0 |a Sex. 
650 0 0 |a Sex differences (Psychology) 
700 1 |a Stainton Rogers, Rex. 
852 |a INST  |b LESVOS  |e 20050322  |h 155.3 STA  |p 005100030020  |q 005100030020  |t BK  |y 0 
901 |a BIBL1-2005-1 
909 |a Λ  |b 115014 
920 |a ΔΙΕΥΡΥΝΣΗ  |b ΕΠΕΑΕΚ-ΤΚ  |y ΛΕΣΒΟΣ  |z 2004-10 
970 |a ΜΑΡΙΝΑΤΟΥ  |b ΜΥΡΣΙΝΗ  |z 2005/03/22